Communication of corporate social responsibility in small and medium-sized enterprises

Analýza komunikácie spoločensky zodpovedných podnikov v malých a stredných podnikoch. Osobitosti takéhoto typu komunikácie.

Gespeichert in:
Bibliographische Detailangaben
1. Verfasser: Džupina, Milan
Weitere Verfasser: Blažeková, Andrea
Format: Buchkapitel
Sprache:Englisch
Schlagworte:
Tags: Tag hinzufügen
Keine Tags, Fügen Sie das erste Tag hinzu!

MARC

LEADER 00000nla a2200000 4500
001 0240010
005 20240417075131.8
041 0 |a eng 
044 |a SK 
245 1 0 |a Communication of corporate social responsibility in small and medium-sized enterprises  |c Milan Džupina, Andrea Blažeková 
520 |a Analýza komunikácie spoločensky zodpovedných podnikov v malých a stredných podnikoch. Osobitosti takéhoto typu komunikácie. 
610 2 0 |a podnik malý 
610 2 0 |a podnik stredný 
610 2 0 |a zodpovednosť podniku spoločenská 
610 2 0 |a komunikácia 
100 1 |a Džupina, Milan 
700 1 |a Blažeková, Andrea